| 000 | 00646nam a2200241 a 4500 | ||
|---|---|---|---|
| 001 | nice12345678 | ||
| 003 | IN_TiNIC | ||
| 005 | 20260116011453.0 | ||
| 008 | 050524s1891 lona grp 000 0 eng | ||
| 020 |
_a _c100 |
||
| 082 | 0 | 0 |
_a220.5 _bCUS |
| 100 | _aCust, Robert Needham | ||
| 245 |
_aLinguistic and Oriental Essays _b Written from the Year 1847 to 1890 |
||
| 260 |
_aLondon _bKegna Paul Trench and Company _c1891 |
||
| 300 | _a608p | ||
| 500 | _aincludes index and biblioraphy | ||
| 505 | 2 | _aindex | |
| 650 | _aBible-Versions-Translations | ||
| 700 | 1 | _aCust, Robert Needham | |
| 902 | _bSRS | ||
| 942 | _cBK | ||
| 999 |
_c1830 _d1830 |
||